00542nam a2200145 a 4500001000400000003000500004005001700009008004100026040002000067100003600087245013200123260005900255610004100314710004100355482CDMR20131118100743.0130130s1988||||||||||||||||||||||||||||d aCDMRbcatcCDMR1 aCamacho de Chavarria, Alfonsina10aColegio de Periodistas de Costa Ricab: un aliado de la libre emisión del pensamientoc[por Alfonsina Camacho de Chavarría] aSan Joséc1988bColegio de Periodistas de Costa Rica2 aColegio de Periodistas de Costa Rica04aColegio de Periodistas de Costa Rica